[Event "ICS rated blitz match"]
[Site "204.178.125.65"]
[Date "2000.02.20"]
[Round "?"]
[White "buzdovan"]
[Black "Hossa"]
[Result "0-1"]
[WhiteElo "1999"]
[BlackElo "2340"]
[PlyCount "90"]

1. e4 c5 2. Bc4 Nf6 3. e5 d5 4. Bb5+ Bd7 5. Qe2 Qb6 6. exf6 Bxb5 7. fxg7 Bxg7
8. d3 Nc6 9. Nf3 Ba6 10. O-O Bxb2 11. Bxb2 Qxb2 12. Nbd2 Qxc2 13. Ne5 Nxe5 14.
Qxe5 Rg8 15. Nf3 Qxd3 16. Qf4 Qg6 17. g3 Bxf1 18. Rxf1 Qe4 19. Qxe4 dxe4 20.
Nd2 f5 21. Rc1 Rd8 22. Nf1 b6 23. Ne3 f4 24. Nc4 e3 25. fxe3 fxg3 26. h3 Kd7
27. a4 Ke6 28. Kg2 Rdf8 29. Rc2 Rf6 30. e4 Rf4 31. Re2 h5 32. a5 b5 33. Na3 a6
34. Nb1 h4 35. Nd2 Rgf8 36. Nb3 Rf2+ 37. Rxf2 Rxf2+ 38. Kg1 Kd6 39. e5+ Kd5 40.
e6 c4 41. Nc1 Ke4 42. Kh1 Kf3 43. Kg1 g2 44. Nd3 Rf1+ 45. Kh2 g1=Q# 0-1

[Event "ICS rated bullet match"]
[Site "204.178.125.65"]
[Date "2000.02.20"]
[Round "?"]
[White "joroca"]
[Black "Hossa"]
[Result "0-1"]
[WhiteElo "2284"]
[BlackElo "2297"]
[PlyCount "38"]

1. Nf3 c5 2. d4 cxd4 3. Nxd4 d5 4. c4 dxc4 5. Qa4+ Bd7 6. Qxc4 e5 7. Nb3 Nf6 8.
Nc3 Na6 9. Bg5 Rc8 10. Qh4 Bb4 11. e3 Rxc3 12. bxc3 Bxc3+ 13. Ke2 Bxa1 14. Nxa1
Bb5+ 15. Kf3 Qd1+ 16. Kg3 Bxf1 17. Bxf6 gxf6 18. f3 Rg8+ 19. Kf2 Rxg2# 0-1

[Event "ICS rated bullet match"]
[Site "204.178.125.65"]
[Date "2000.02.20"]
[Round "?"]
[White "Hossa"]
[Black "joroca"]
[Result "1-0"]
[WhiteElo "2312"]
[BlackElo "2269"]
[PlyCount "61"]

1. Nf3 Nf6 2. g3 b6 3. c4 Bb7 4. d4 e6 5. Bg2 Bb4+ 6. Nc3 O-O 7. O-O c5 8. dxc5
Bxc5 9. a3 a5 10. Bf4 d5 11. cxd5 Nxd5 12. Nxd5 Bxd5 13. Qd3 Nc6 14. e4 e5 15.
Qxd5 exf4 16. Qxc6 fxg3 17. hxg3 Qb8 18. Rac1 Rc8 19. Qd5 Qa7 20. Qf5 Qe7 21.
e5 Rd8 22. Ng5 g6 23. Qf4 h6 24. Ne4 Bd4 25. Nf6+ Kg7 26. Ng4 g5 27. Qf6+ Qxf6
28. exf6+ Kg6 29. Be4+ Kh5 30. Kg2 Bxf6 31. Nxf6# 1-0

[Event "ICS rated bullet match"]
[Site "204.178.125.65"]
[Date "2000.02.20"]
[Round "?"]
[White "joroca"]
[Black "Hossa"]
[Result "0-1"]
[WhiteElo "2255"]
[BlackElo "2326"]
[PlyCount "62"]

1. e4 d6 2. Nf3 e5 3. d4 exd4 4. Qxd4 Bd7 5. c4 Nc6 6. Qd2 Qe7 7. Nc3 f5 8. Bd3
O-O-O 9. O-O fxe4 10. Bxe4 Nf6 11. Bc2 Qf7 12. b3 Re8 13. Bb2 Nb4 14. Rae1 Nxc2
15. Qxc2 Be7 16. Nd4 Rhf8 17. Ndb5 c6 18. Nd4 Ng4 19. h3 Nf6 20. Nf5 Kb8 21.
Nxe7 Rxe7 22. Ba3 Re6 23. Qd2 Ne8 24. Rxe6 Qxe6 25. Re1 Qg6 26. Ne4 Bxh3 27.
Bxd6+ Kc8 28. Bg3 Bg4 29. f3 Bf5 30. Nd6+ Nxd6 31. Qd5 cxd5 0-1

[Event "ICS rated bullet match"]
[Site "204.178.125.65"]
[Date "2000.02.20"]
[Round "?"]
[White "Hossa"]
[Black "joroca"]
[Result "1-0"]
[WhiteElo "2339"]
[BlackElo "2242"]
[PlyCount "61"]

1. Nf3 Nf6 2. d4 e6 3. Bf4 c5 4. dxc5 Bxc5 5. Bd6 Qb6 6. Bxc5 Qxc5 7. Nc3 d5 8.
e3 Nc6 9. Bb5 O-O 10. Bxc6 bxc6 11. Qd4 Qd6 12. O-O Nd7 13. Rfd1 e5 14. Qh4 Rb8
15. Rab1 f6 16. e4 d4 17. Ne2 Nc5 18. b4 Ne6 19. a3 a5 20. bxa5 Ba6 21. Ng3
Qxa3 22. Qg4 Nf4 23. Rxb8 Rxb8 24. Nxd4 Rd8 25. Nxc6 Rxd1+ 26. Qxd1 Qf8 27. Qd7
Bc8 28. Ne7+ Kh8 29. Nxc8 h5 30. Nf5 h4 31. Kf1 1-0

[Event "ICS rated bullet match"]
[Site "204.178.125.65"]
[Date "2000.02.20"]
[Round "?"]
[White "joroca"]
[Black "Hossa"]
[Result "0-1"]
[WhiteElo "2230"]
[BlackElo "2351"]
[PlyCount "68"]

1. Nf3 c6 2. c4 d5 3. d4 dxc4 4. e4 b5 5. a4 Bg4 6. Be3 e6 7. Nc3 b4 8. Na2 Nf6
9. e5 Nd5 10. Bxc4 Be7 11. O-O O-O 12. h3 Bh5 13. Be2 c5 14. dxc5 Nxe3 15. fxe3
Bxc5 16. Qc1 Qb6 17. Kh1 Bxe3 18. Qc4 Nc6 19. Nd2 Nxe5 20. Qe4 Bxe2 21. Qxe5
Bxf1 22. Nxf1 Bd4 23. Qe2 Rac8 24. Rd1 b3 25. Nc1 Rc2 26. Qg4 Bxb2 27. Nd3 Rd8
28. Nf4 Rxd1 29. Qxd1 Qb8 30. Qg4 Rf2 31. Ne3 Qxf4 32. Qxf4 Rxf4 33. Nd5 exd5
34. Kh2 Rg4 0-1

[Event "ICS rated bullet match"]
[Site "204.178.125.65"]
[Date "2000.02.20"]
[Round "?"]
[White "Hossa"]
[Black "joroca"]
[Result "1-0"]
[WhiteElo "2362"]
[BlackElo "2219"]
[PlyCount "35"]

1. Nf3 Nf6 2. g3 c5 3. c4 Nc6 4. Bg2 e6 5. d4 cxd4 6. Nxd4 Bb4+ 7. Nc3 Bxc3+ 8.
bxc3 O-O 9. Ba3 Re8 10. Nb5 Qa5 11. Bd6 a6 12. Nc7 Qxc3+ 13. Kf1 Ra7 14. Nxe8
Nxe8 15. c5 Nxd6 16. cxd6 Nd4 17. Rc1 Qb2 18. Rxc8# 1-0

[Event "ICS rated blitz match"]
[Site "204.178.125.65"]
[Date "2000.02.20"]
[Round "?"]
[White "Amateur"]
[Black "Hossa"]
[Result "1-0"]
[WhiteElo "2445"]
[BlackElo "2362"]
[PlyCount "175"]

1. Nf3 d5 2. g3 Bg4 3. Bg2 Nd7 4. O-O c6 5. d3 e5 6. Nc3 d4 7. Ne4 Be7 8. c3
dxc3 9. Nxc3 Ngf6 10. Be3 O-O 11. Rc1 Qa5 12. a3 Rfd8 13. Qb3 Rab8 14. Ng5 Rf8
15. h3 Bh5 16. Nf3 Nc5 17. Qc4 Bxf3 18. Bxf3 Ne6 19. Bg2 Rfd8 20. Qa4 Qxa4 21.
Nxa4 Nd4 22. Nc3 Rd7 23. Rfd1 Rbd8 24. Re1 Nb3 25. Rcd1 c5 26. Rb1 Rb8 27. Red1
b6 28. f4 exf4 29. Bxf4 Bd6 30. Ne4 Nxe4 31. Bxe4 Nd4 32. Kf2 f5 33. Bd5+ Kf8
34. e4 Bxf4 35. gxf4 Rbd8 36. Rg1 Re7 37. Rg5 a5 38. a4 g6 39. Rc1 Rd6 40. b3
Kg7 41. Rg2 h6 42. h4 Kh7 43. Rgg1 Rdd7 44. Rg3 Rd8 45. Re1 Rg7 46. Reg1 Rdd7
47. Bc4 Rde7 48. e5 Rd7 49. h5 g5 50. fxg5 Rxg5 51. Rxg5 hxg5 52. Rxg5 Re7 53.
Rg6 Rxe5 54. Kg3 Re3+ 55. Kf4 Rh3 56. Rxb6 Rxh5 57. Ra6 Rh4+ 58. Kg3 Rg4+ 59.
Kf2 Rf4+ 60. Ke1 Nf3+ 61. Kd1 Nd4 62. Rxa5 Rf1+ 63. Kd2 Rf2+ 64. Ke1 Re2+ 65.
Kd1 Ra2 66. Rxc5 Kg6 67. Rd5 Ne2 68. Ke1 Nf4 69. Re5 Kf6 70. d4 Rg2 71. a5 Ra2
72. a6 Rb2 73. Re8 Ra2 74. b4 Ra4 75. Rc8 Ra1+ 76. Kd2 Ra4 77. b5 Nd5 78. Bxd5
Rxd4+ 79. Kc2 Ra4 80. b6 Rxa6 81. b7 f4 82. b8=Q Kf5 83. Rf8+ Kg6 84. Be4+ Kh6
85. Rh8+ Kg5 86. Qd8+ Rf6 87. Qg8+ Rg6 88. Qxg6# 1-0

[Event "ICS rated standard match"]
[Site "204.178.125.65"]
[Date "2000.02.20"]
[Round "?"]
[White "Hossa"]
[Black "chess-bomber"]
[Result "1-0"]
[WhiteElo "2215"]
[BlackElo "1982"]
[PlyCount "65"]

1. e4 g6 2. d4 Bg7 3. Nc3 d6 4. Nf3 c6 5. Bd3 Nd7 6. O-O h6 7. Be3 Qc7 8. Qd2
Ngf6 9. Rad1 Ng4 10. Bf4 e5 11. dxe5 dxe5 12. Bg3 O-O 13. Be2 Re8 14. Bh4 Ngf6
15. a4 Bf8 16. Rfe1 Kg7 17. Bc4 b6 18. Qe2 a6 19. Rf1 Bb7 20. Nd2 b5 21. Bb3 b4
22. Na2 c5 23. Qf3 a5 24. Rfe1 Ra6 25. Nc1 Rd6 26. Nd3 Nb6 27. Bc4 Nxc4 28.
Nxc4 Rde6 29. Ndxe5 Nxe4 30. Rd7 Qxd7 31. Nxd7 Nd2 32. Qf6+ Rxf6 33. Bxf6+ 1-0

[Event "ICS rated blitz match"]
[Site "204.178.125.65"]
[Date "2000.02.20"]
[Round "?"]
[White "Hossa"]
[Black "Viveiros"]
[Result "1-0"]
[WhiteElo "2350"]
[BlackElo "2003"]
[PlyCount "34"]

1. d4 Nf6 2. Nf3 e6 3. Bg5 c5 4. Nbd2 cxd4 5. Nxd4 d5 6. e4 dxe4 7. Bb5+ Bd7 8.
Bxf6 Qxf6 9. c3 Qg6 10. O-O Bc5 11. Qe2 Bxd4 12. cxd4 Nc6 13. Nxe4 O-O 14. Qe3
Rfd8 15. Nc5 Be8 16. Rac1 a6 17. Bd3 Rab8 1-0

[Event "ICS rated bullet match"]
[Site "204.178.125.65"]
[Date "2000.02.20"]
[Round "?"]
[White "ImDeadUgly"]
[Black "Hossa"]
[Result "0-1"]
[WhiteElo "2238"]
[BlackElo "2374"]
[PlyCount "72"]

1. e4 Nf6 2. e5 Nd5 3. d4 d6 4. Nf3 Bg4 5. Be2 c6 6. c4 Nb6 7. exd6 Bxf3 8.
Bxf3 Nxc4 9. dxe7 Qxe7+ 10. Kf1 Nb6 11. Kg1 N8d7 12. d5 Nxd5 13. Bxd5 cxd5 14.
Nc3 Nf6 15. Nxd5 Nxd5 16. Qa4+ Qd7 17. Qxd7+ Kxd7 18. Bg5 Nb4 19. a3 Nc2 20.
Rc1 Rc8 21. Bf4 Ke6 22. Be3 b6 23. a4 Bb4 24. Bg5 Kf5 25. Bh4 Rhe8 26. Rd1 Re2
27. Rd5+ Ke4 28. Rd1 Re1+ 29. Rxe1+ Nxe1 30. f3+ Nxf3+ 31. gxf3+ Kxf3 32. Bg5
h6 33. Bxh6 gxh6 34. h4 Rc1+ 35. Kh2 Bd6+ 36. Kh3 Rxh1# 0-1

[Event "ICS rated blitz match"]
[Site "204.178.125.65"]
[Date "2000.02.20"]
[Round "?"]
[White "BlondeKramnik"]
[Black "Hossa"]
[Result "0-1"]
[WhiteElo "2207"]
[BlackElo "2354"]
[PlyCount "62"]

1. d4 Nf6 2. c4 d6 3. Nf3 Nbd7 4. Nc3 e5 5. e4 exd4 6. Nxd4 Qe7 7. Bd3 Nc5 8.
O-O Bd7 9. Bg5 O-O-O 10. Nd5 Qe5 11. Nf3 Qxb2 12. Rb1 Qa3 13. Bc2 Nxd5 14. Qxd5
Be6 15. Qd2 f6 16. Be3 Bxc4 17. Rfc1 d5 18. Bb3 dxe4 19. Nd4 Bxb3 20. axb3 Rd7
21. b4 Nd3 22. Rc4 Nxb4 23. Rb3 Qxb3 24. Nxb3 Rxd2 25. Bxd2 Nc6 26. Rxe4 Kd7
27. h4 Bd6 28. h5 Re8 29. Rg4 Re7 30. h6 gxh6 31. Bxh6 Re1# 0-1

[Event "ICS rated blitz match"]
[Site "204.178.125.65"]
[Date "2000.02.20"]
[Round "?"]
[White "Hossa"]
[Black "BlondeKramnik"]
[Result "1-0"]
[WhiteElo "2364"]
[BlackElo "2197"]
[PlyCount "71"]

1. c4 b6 2. d4 e6 3. e4 Bb7 4. Nc3 Bb4 5. Qg4 Nf6 6. Qxg7 Rg8 7. Qh6 Rg6 8. Qh3
Nxe4 9. Nge2 Qf6 10. f3 Bxc3+ 11. bxc3 Ng5 12. Bxg5 Qxg5 13. Qxh7 Na6 14. h4
Qe3 15. h5 Rh6 16. Qg7 O-O-O 17. f4 Rdh8 18. Rh3 Qe4 19. Qxf7 c5 20. g4 cxd4
21. O-O-O Nc5 22. cxd4 Na4 23. Rd2 Qc6 24. d5 exd5 25. Qxd5 Qc7 26. Qe5 d6 27.
Qb5 Bc6 28. Qa6+ Kb8 29. Rd1 Nc5 30. Qa3 Be4 31. Re3 Qd7 32. g5 Rxh5 33. Ng3
Rh3 34. Bxh3 Rxh3 35. Nxe4 Rxe3 36. Qxe3 1-0

[Event "ICS Rated standard match"]
[Site "204.178.125.65"]
[Date "2000.02.20"]
[Round "?"]
[White "GreenGiant"]
[Black "Hossa"]
[Result "0-1"]
[WhiteElo "2398"]
[BlackElo "2222"]
[PlyCount "98"]

1. d4 d5 2. c4 c6 3. Nc3 Nf6 4. Nf3 e6 5. e3 Be7 6. Qc2 Na6 7. a3 dxc4 8. Bxc4
O-O 9. O-O c5 10. dxc5 Nxc5 11. b4 Ncd7 12. Bb2 b6 13. Rfd1 a6 14. Ne4 a5 15.
Nfg5 g6 16. Rac1 axb4 17. axb4 Ra7 18. Nxf6+ Bxf6 19. Ne4 Bg7 20. Bxg7 Kxg7 21.
Qb2+ Kh6 22. Bb5 Qe7 23. Nd6 Ba6 24. Bxd7 Rxd7 25. Ne4 Rxd1+ 26. Rxd1 Rd8 27.
Rd4 Bb7 28. Nd2 e5 29. Rxd8 Qxd8 30. f3 Qd3 31. Kf2 Ba6 32. Ne4 f5 33. Ng3 f4
34. exf4 exf4 35. Ne2 Qe3+ 36. Ke1 Bxe2 37. Qxe2 Qg1+ 38. Qf1 Qxh2 39. Kd2 Qh4
40. Kc3 Qf6+ 41. Kb3 Qd4 42. Ka4 Qd7+ 43. Kb3 b5 44. Qe2 Qd5+ 45. Kc3 Qc6+ 46.
Kb3 Qb6 47. Kc2 Qg1 48. Kc3 Qa1+ 49. Kb3 Qa4+ 0-1

[Event "ICS rated blitz match"]
[Site "204.178.125.65"]
[Date "2000.02.20"]
[Round "?"]
[White "Hossa"]
[Black "undertaker1"]
[Result "0-1"]
[WhiteElo "2362"]
[BlackElo "2491"]
[PlyCount "76"]

1. Nf3 Nf6 2. d4 g6 3. c4 Bg7 4. Nc3 O-O 5. e4 d6 6. Bg5 c5 7. dxc5 Qa5 8. Bd3
Qxc5 9. Qd2 Bg4 10. h3 Bxf3 11. gxf3 Nc6 12. Be2 Ne5 13. Nd5 Rae8 14. Rc1 Qc8
15. h4 Qd7 16. h5 Nxh5 17. f4 Ng4 18. Bxg4 Qxg4 19. Rh4 Qg1+ 20. Ke2 Qg2 21.
Nxe7+ Kh8 22. f5 f6 23. Nxg6+ hxg6 24. Be3 Rxe4 25. Rhh1 Rfe8 26. Kd3 d5 27.
Rcg1 Qf3 28. cxd5 Qxf5 29. Ke2 R8e5 30. d6 Rd5 31. Qc3 Rxd6 32. Qc7 Qd5 33.
Qb8+ Kh7 34. Qxa7 Qd3+ 35. Kf3 Rf4+ 36. Kg2 Qe4+ 37. Kf1 Rd1+ 38. Ke2 Qd3# 0-1

[Event "ICS rated blitz match"]
[Site "204.178.125.65"]
[Date "2000.02.20"]
[Round "?"]
[White "undertaker1"]
[Black "Hossa"]
[Result "1-0"]
[WhiteElo "2501"]
[BlackElo "2352"]
[PlyCount "189"]

1. e4 c6 2. d4 d5 3. Nc3 dxe4 4. Nxe4 Nd7 5. Bc4 Ngf6 6. Ng5 e6 7. Qe2 Nb6 8.
Bd3 h6 9. N5f3 c5 10. dxc5 Bxc5 11. Ne5 Nbd7 12. Ngf3 Qc7 13. O-O O-O 14. Bf4
Bd6 15. Nxd7 Bxd7 16. Bxd6 Qxd6 17. Rad1 Qb6 18. c4 Rfd8 19. Ne5 Qa6 20. Be4
Qxa2 21. Bxb7 Rab8 22. Bc6 Bxc6 23. Rxd8+ Rxd8 24. Nxc6 Rd7 25. Qc2 Rb7 26. Rb1
Qa6 27. Ne5 Qd6 28. Qe2 Rb3 29. Rc1 a5 30. c5 Qd4 31. Rc2 Nd5 32. c6 Nf4 33.
Qd2 Qe4 34. f3 Qxe5 35. c7 Rd3 36. c8=Q+ Kh7 37. Qcc3 Rxd2 38. Qxd2 Qf5 39. Rc7
Nd5 40. Rc5 Qb1+ 41. Kf2 Nb4 42. Rxa5 Nd3+ 43. Kg3 Nxb2 44. Rb5 Qg6+ 45. Kf2
Nc4 46. Qc3 Nd6 47. Rb6 Nf5 48. g4 Nh4 49. Rb7 h5 50. h3 f6 51. Qc6 hxg4 52.
hxg4 f5 53. Kg3 f4+ 54. Kh3 Qh6 55. Qe4+ Ng6+ 56. Kg2 Qh4 57. Rb5 Qg3+ 58. Kf1
Qh3+ 59. Ke2 Qg2+ 60. Ke1 Qg1+ 61. Kd2 Qf2+ 62. Kc3 Qe3+ 63. Qxe3 fxe3 64. Kd3
e2 65. Kxe2 Ne7 66. Ke3 Kg6 67. Kf4 Kf6 68. g5+ Kg6 69. Rb7 Nf5 70. Rb6 Nd4 71.
Ke4 Ne2 72. f4 Ng3+ 73. Kf3 Nf5 74. Rxe6+ Kh5 75. Re8 Nd6 76. Rf8 Nb5 77. Rh8+
Kg6 78. Kg4 Kf7 79. f5 Nd6 80. Ra8 Ne4 81. Ra7+ Kf8 82. Kh5 Nf2 83. Kg6 Ng4 84.
Ra8+ Ke7 85. Kxg7 Kd7 86. f6 Kc6 87. f7 Kd5 88. f8=Q Nh2 89. Qf5+ Kd4 90. Ra4+
Ke3 91. Ra3+ Kd4 92. Rd3+ Kc4 93. Qd5+ Kb4 94. Rb3+ Ka4 95. Qb5# 1-0

[Event "ICS rated blitz match"]
[Site "204.178.125.65"]
[Date "2000.02.20"]
[Round "?"]
[White "Hossa"]
[Black "Amateur"]
[Result "0-1"]
[WhiteElo "2342"]
[BlackElo "2438"]
[PlyCount "150"]

1. d4 Nf6 2. Nf3 e6 3. Bg5 h6 4. Bf4 Bd6 5. Bxd6 cxd6 6. c4 O-O 7. Nc3 Na6 8.
e4 Qa5 9. Bd3 b6 10. e5 dxe5 11. dxe5 Ng4 12. Be4 Rb8 13. Qd4 f5 14. exf6 Nxf6
15. O-O-O Nxe4 16. Qxe4 Bb7 17. Qg4 Qf5 18. Qxf5 Rxf5 19. Rxd7 Nc5 20. Rd2 Bxf3
21. gxf3 Rxf3 22. Kc2 Rbf8 23. Rf1 R8f4 24. b3 Rh4 25. Rh1 Rfh3 26. Rd8+ Kf7
27. Rf1 Rf3 28. h3 Rhxh3 29. Nd1 h5 30. Ra8 a5 31. Rg1 g6 32. Rh8 Nd3 33. Rh7+
Kf6 34. Rh6 Nf4 35. Rh8 Ne2 36. Re1 Nd4+ 37. Kc1 Nc6 38. Rf8+ Ke7 39. Rg8 Kf7
40. Rh8 Nb4 41. Re2 Nd3+ 42. Kd2 Nf4 43. Re4 Rd3+ 44. Kc2 g5 45. Ne3 Rd6 46. c5
Rc6 47. Kd2 Rxc5 48. Rd4 Rf3 49. Rd7+ Kf6 50. Ke1 Rc1+ 51. Kd2 Rc6 52. Ke1 g4
53. Ra7 g3 54. Nd1 Ng6 55. fxg3 Nxh8 56. Rh7 Nf7 57. Rxh5 Rc2 58. Rh4 Rxa2 59.
Ra4 Rh2 60. Rh4 Rxh4 61. gxh4 Rxb3 62. Nf2 Rb4 63. h5 a4 64. Nd1 Kg5 65. Nc3
Kxh5 66. Kd2 a3 67. Kd1 Nd6 68. Kc1 Kg4 69. Kc2 Nb5 70. Na2 Rb2+ 71. Kc1 Rxa2
72. Kb1 Rh2 73. Ka1 Nd4 74. Kb1 a2+ 75. Ka1 Nb3# 0-1

[Event "ICS rated blitz match"]
[Site "204.178.125.65"]
[Date "2000.02.20"]
[Round "?"]
[White "Hossa"]
[Black "PostModernist"]
[Result "1-0"]
[WhiteElo "2330"]
[BlackElo "2497"]
[PlyCount "167"]

1. d4 Nf6 2. c4 e6 3. Nc3 Bb4 4. Nf3 c5 5. e3 O-O 6. a3 Bxc3+ 7. bxc3 Nc6 8. d5
Ne7 9. d6 Nf5 10. g4 Nxg4 11. e4 Nh4 12. Ng5 Qf6 13. Ra2 h6 14. Qxg4 Qxc3+ 15.
Bd2 Qb3 16. Ra1 hxg5 17. Be2 f5 18. Qxg5 Nf3+ 19. Bxf3 Qxf3 20. Rg1 Qxe4+ 21.
Be3 Qe5 22. Ra2 b6 23. Rg3 Bb7 24. f4 Qf6 25. Bc1 Qxg5 26. Rxg5 Bc6 27. Bb2 Rf7
28. a4 Kf8 29. Rh5 Ke8 30. Rh8+ Rf8 31. Rh7 g6 32. Rg7 Be4 33. Ke2 Kd8 34. Rxg6
Kc8 35. Be5 Kb7 36. h4 Rg8 37. h5 Bc6 38. Bg7 Rge8 39. h6 a6 40. h7 b5 41. axb5
axb5 42. Rxa8 Rxa8 43. Bb2 e5 44. Rg8 Ra2 45. h8=Q Rxb2+ 46. Ke1 Rb1+ 47. Kd2
Rh1 48. Qxe5 Rh2+ 49. Ke3 Rh3+ 50. Kf2 Rh2+ 51. Kf1 bxc4 52. Qxc5 Rb2 53. Qxf5
Rb5 54. Qf8 c3 55. Ke2 Kb6 56. Kd3 Rc5 57. Qd8+ Kb5 58. Rg1 Rd5+ 59. Kxc3 Rc5+
60. Kb2 Rd5 61. Rg5 Kc4 62. Rxd5 Kxd5 63. Qa5+ Kc4 64. f5 Kd4 65. f6 Bd5 66.
Qxd5+ Kxd5 67. f7 Kxd6 68. f8=Q+ Ke6 69. Qf4 Kd5 70. Kc3 Kc6 71. Kd4 d6 72.
Qf3+ Kc7 73. Kd5 Kb6 74. Qf2+ Ka6 75. Qf1+ Ka5 76. Qb1 Ka4 77. Qa2+ Kb4 78.
Qb2+ Ka5 79. Qa3+ Kb6 80. Qxd6+ Kb7 81. Qd8 Ka6 82. Qb8 Ka5 83. Kc5 Ka6 84.
Qa8# 1-0

[Event "ICS rated standard match"]
[Site "204.178.125.65"]
[Date "2000.02.20"]
[Round "?"]
[White "Hossa"]
[Black "scoomax"]
[Result "1-0"]
[WhiteElo "2245"]
[BlackElo "1906"]
[PlyCount "57"]

1. c4 Nf6 2. d4 g6 3. Nf3 d5 4. cxd5 Nxd5 5. e4 Nb6 6. Be2 Bg7 7. Nc3 O-O 8.
O-O Bg4 9. Be3 N8d7 10. Rc1 Bxf3 11. Bxf3 e5 12. d5 Nf6 13. Nb5 Ne8 14. Qb3 a6
15. Nxc7 Nxc7 16. Bxb6 Rc8 17. Bg4 f5 18. exf5 gxf5 19. Rxc7 Rxc7 20. d6+ Kh8
21. dxc7 Qc8 22. Bh3 e4 23. Rd1 Bf6 24. Rd5 Be7 25. Rxf5 Rxf5 26. Bxf5 Qxf5 27.
c8=Q+ Qxc8 28. Bd4+ Bf6 29. Bxf6# 1-0

[Event "ICS rated blitz match"]
[Site "204.178.125.65"]
[Date "2000.02.20"]
[Round "?"]
[White "Bannon"]
[Black "Hossa"]
[Result "1-0"]
[WhiteElo "2027"]
[BlackElo "2353"]
[PlyCount "43"]

1. e4 e5 2. f4 exf4 3. Nf3 d6 4. d4 g5 5. Bc4 h6 6. O-O Bg7 7. e5 g4 8. exd6
gxf3 9. Qe1+ Kd7 10. c3 cxd6 11. Rxf3 Nf6 12. Bxf4 Kc6 13. Nd2 Bg4 14. Re3 Nh5
15. Re7 Nxf4 16. d5+ Kb6 17. Qe3+ Ka5 18. b4+ Ka4 19. Bb3+ Kb5 20. a4+ Ka6 21.
Bc4+ b5 22. axb5# 1-0

[Event "ICS rated blitz match"]
[Site "204.178.125.65"]
[Date "2000.02.20"]
[Round "?"]
[White "Hossa"]
[Black "Bannon"]
[Result "1-0"]
[WhiteElo "2325"]
[BlackElo "2055"]
[PlyCount "95"]

1. Nf3 d5 2. g3 c6 3. d4 Bf5 4. Bg2 Nd7 5. h3 e6 6. Nh4 Ngf6 7. Nxf5 exf5 8. h4
Bd6 9. Qd3 Ne4 10. h5 Qc7 11. h6 g6 12. Be3 O-O-O 13. Nd2 Rhe8 14. O-O-O Nxd2
15. Bxd2 Re6 16. c4 dxc4 17. Qxc4 Nb6 18. Qd3 Be5 19. e3 c5 20. d5 c4 21. Qa3
Red6 22. Bb4 R6d7 23. Qxa7 Nxd5 24. Ba5 b6 25. Qa6+ Qb7 26. Qxb7+ Kxb7 27. Rxd5
Rxd5 28. Rd1 bxa5 29. Rxd5 Rxd5 30. Bxd5+ Kc7 31. Bxc4 Bf6 32. Bxf7 Bg5 33. Bg8
Bxh6 34. Bxh7 g5 35. f4 gxf4 36. exf4 Bf8 37. Bxf5 Bc5 38. Kd2 Bd4 39. b3 Bf2
40. g4 Kd6 41. Kd3 Kc5 42. g5 Kd6 43. Bg4 Kc5 44. Ke4 Kd6 45. f5 Bh4 46. Kf4
Ke7 47. f6+ Kf7 48. Kf5 1-0

[Event "ICS rated blitz match"]
[Site "204.178.125.65"]
[Date "2000.02.20"]
[Round "?"]
[White "Hossa"]
[Black "PostModernist"]
[Result "0-1"]
[WhiteElo "2337"]
[BlackElo "2464"]
[PlyCount "178"]

1. Nf3 Nf6 2. c4 c6 3. Nc3 e6 4. e4 d5 5. exd5 exd5 6. cxd5 Nxd5 7. Be2 Bd6 8.
d4 O-O 9. O-O Be6 10. Ne4 Re8 11. Re1 Bg4 12. Bg5 f6 13. Nxd6 Qxd6 14. Bd2 Nd7
15. Qb3 b6 16. Rac1 Bf5 17. Ba6 Rxe1+ 18. Rxe1 b5 19. a4 bxa4 20. Qxa4 Rb8 21.
Qa2 Bg4 22. Be2 Qc7 23. Bd1 Qd6 24. Bc3 Ra8 25. Qb3 N7b6 26. Bd2 Bf5 27. Qa2
Bd3 28. Bb3 a6 29. Ba5 Rb8 30. Bxb6 Rxb6 31. Re8+ Kf7 32. Re3 Bb5 33. Qb1 g6
34. Qe4 Kg7 35. Qe6 Qxe6 36. Rxe6 Rb7 37. Re8 Bd3 38. Ba4 Rxb2 39. Bxc6 Nb4 40.
Re7+ Kf8 41. Re8+ Kf7 42. Ne1 Bf5 43. Ba4 Ra2 44. Rh8 Rxa4 45. Rxh7+ Kg8 46.
Re7 Nd5 47. Re2 Rxd4 48. f3 Rd1 49. Kf2 Bd7 50. Ra2 Bb5 51. Rc2 f5 52. Rc8+ Kf7
53. g3 Rd2+ 54. Kg1 Ne3 55. Rc1 g5 56. f4 gxf4 57. gxf4 Rd4 58. Kf2 Nd5 59. Nf3
Rxf4 60. h4 Nb4 61. Kg3 Rg4+ 62. Kh2 Kf6 63. Rc8 Bc6 64. Rf8+ Ke6 65. Ng5+ Ke5
66. Nf7+ Kf4 67. Nd6 Rxh4+ 68. Kg1 Nd3 69. Kf1 Be4 70. Nxe4 Kxe4 71. Ke2 Rh2+
72. Kd1 a5 73. Re8+ Ne5 74. Kc1 f4 75. Rf8 f3 76. Kd1 Ke3 77. Rf5 f2 78. Rf6
Nf3 79. Re6+ Kd3 80. Rd6+ Nd4 81. Rxd4+ Kxd4 82. Ke2 a4 83. Kf1 a3 84. Ke2 a2
85. Kf3 f1=Q+ 86. Kg3 Rh3+ 87. Kg4 Qf3+ 88. Kg5 Rg3+ 89. Kh4 Qg4# 0-1

[Event "ICS rated blitz match"]
[Site "204.178.125.65"]
[Date "2000.02.20"]
[Round "?"]
[White "Hossa"]
[Black "j724"]
[Result "1-0"]
[WhiteElo "2327"]
[BlackElo "2081"]
[PlyCount "29"]

1. e4 d6 2. d4 Nf6 3. f3 g6 4. c4 Bg7 5. Nc3 O-O 6. Be3 e5 7. dxe5 dxe5 8. Qxd8
Rxd8 9. Nd5 Na6 10. O-O-O Nxd5 11. cxd5 b6 12. h4 h5 13. Kb1 Bf8 14. Rc1 Rd7
15. Bb5 1-0

[Event "ICS rated blitz match"]
[Site "204.178.125.65"]
[Date "2000.02.20"]
[Round "?"]
[White "j724"]
[Black "Hossa"]
[Result "0-1"]
[WhiteElo "2075"]
[BlackElo "2333"]
[PlyCount "58"]

1. d4 d5 2. Nf3 c6 3. Bf4 e6 4. e3 Bd6 5. Ne5 Nf6 6. Nd2 O-O 7. Bd3 c5 8. c3
Qc7 9. g4 cxd4 10. exd4 Nc6 11. Qe2 Nd7 12. Ndf3 Re8 13. Bc2 f6 14. Qd3 Nf8 15.
Nxc6 Bxf4 16. Nb4 Bd7 17. a4 a5 18. Na2 Rad8 19. O-O e5 20. dxe5 fxe5 21. Qxd5+
Be6 22. Qe4 Bd5 23. Qe2 e4 24. Nd4 Bc4 25. Qd1 Bxh2+ 26. Kh1 Bxf1 27. Qxf1 Bf4
28. Qg2 Rxd4 29. Bb3+ Rc4 0-1

[Event "ICS rated blitz match"]
[Site "204.178.125.65"]
[Date "2000.02.20"]
[Round "?"]
[White "Hossa"]
[Black "j724"]
[Result "0-1"]
[WhiteElo "2339"]
[BlackElo "2069"]
[PlyCount "108"]

1. d4 Nf6 2. Nf3 g6 3. c4 c5 4. e3 Bg7 5. Nc3 O-O 6. dxc5 Qa5 7. Bd3 Qxc5 8.
O-O d5 9. cxd5 Nxd5 10. Ne4 Qb6 11. Bc4 Nf6 12. Nxf6+ Bxf6 13. Qb3 Qxb3 14.
Bxb3 Nc6 15. Rd1 Bg4 16. h3 Bxf3 17. gxf3 Rfd8 18. f4 Rxd1+ 19. Bxd1 Rd8 20.
Bf3 e5 21. Bxc6 bxc6 22. fxe5 Rd1+ 23. Kg2 Bxe5 24. a4 f5 25. a5 a6 26. Rb1 Kf7
27. f4 Bd6 28. Ra1 Bb4 29. Kf3 Bd2 30. Bxd2 Rxa1 31. b4 Ke6 32. Bc3 Ra3 33. Bd4
Kd5 34. Ba7 Kc4 35. Bc5 Rb3 36. Bf8 Rxb4 37. Bxb4 Kxb4 38. e4 fxe4+ 39. Kxe4 c5
40. Kd5 c4 41. Kd4 c3 42. Kd3 Kb3 43. Ke2 c2 44. Kd2 Kb2 45. Kd3 c1=Q 46. Ke4
Kc3 47. Kf3 Kd4 48. f5 gxf5 49. h4 h5 50. Ke2 Qe3+ 51. Kf1 Qd2 52. Kg1 Ke3 53.
Kh1 Kf3 54. Kg1 Qg2# 0-1

[Event "ICS rated blitz match"]
[Site "204.178.125.65"]
[Date "2000.02.20"]
[Round "?"]
[White "Hossa"]
[Black "Compov"]
[Result "1-0"]
[WhiteElo "2313"]
[BlackElo "2008"]
[PlyCount "35"]

1. c4 c5 2. Nf3 Nf6 3. d4 cxd4 4. Nxd4 g6 5. Nc3 Bg7 6. e4 e5 7. Ndb5 O-O 8.
Bg5 a6 9. Nd6 Nc6 10. c5 Qa5 11. Nxc8 Raxc8 12. Bxf6 Bxf6 13. Qxd7 Qxc5 14. Rb1
b5 15. Be2 Nd4 16. Bd3 b4 17. Nd5 Bg7 18. Ne7+ 1-0

[Event "ICS rated blitz match"]
[Site "204.178.125.65"]
[Date "2000.02.20"]
[Round "?"]
[White "Valerian10"]
[Black "Hossa"]
[Result "0-1"]
[WhiteElo "2383"]
[BlackElo "2318"]
[PlyCount "42"]

1. e4 c6 2. d4 d5 3. e5 Bf5 4. Nf3 e6 5. a3 c5 6. c3 Nc6 7. b4 cxd4 8. cxd4 Qc7
9. Be3 Be7 10. Bb5 a6 11. Be2 Nh6 12. O-O Ng4 13. Nc3 Nxb4 14. Nb5 axb5 15.
axb4 O-O 16. Qd2 Nxe3 17. fxe3 Qc2 18. Qxc2 Bxc2 19. Rac1 Rfc8 20. Bxb5 Bxb4
21. Ng5 Bd2 0-1

[Event "ICS rated blitz match"]
[Site "204.178.125.65"]
[Date "2000.02.20"]
[Round "?"]
[White "Hossa"]
[Black "Valerian10"]
[Result "1-0"]
[WhiteElo "2337"]
[BlackElo "2364"]
[PlyCount "68"]

1. e4 e6 2. d4 d5 3. exd5 exd5 4. Nf3 Bd6 5. Bd3 Bg4 6. O-O Ne7 7. Re1 Nbc6 8.
c3 Qd7 9. Be3 O-O-O 10. Na3 f5 11. Nb5 f4 12. Bd2 g5 13. Be2 Rhg8 14. Qa4 a6
15. Nxd6+ cxd6 16. Rab1 Bf5 17. Rbd1 g4 18. Nh4 f3 19. Bf1 Be4 20. b4 Ne5 21.
Qxd7+ Nxd7 22. Bf4 Nb6 23. b5 a5 24. Rc1 Kd7 25. g3 Nf5 26. Rxe4 Nxh4 27. Ree1
Ng6 28. Bg5 Rc8 29. h3 h5 30. Bd3 Rcf8 31. Bxg6 Rxg6 32. Re7+ Kc8 33. h4 Nc4
34. Rce1 Nd2 1-0